000 00628nam a2200193Ia 4500
003 GCL
008 140319s9999 xx 000 0 ara d
040 _aGCL /
_cGCL
082 0 4 _a922.581
_bع ح
100 1 _aعبدالحليم الجندى
245 1 0 _aابوحنيفة :
_bبطل الحريه والتسامح فى الاسلام /
_cعبدالحليم الجندى
260 _aالقاهرة :
_bدار المعارف ،
_c1992
300 _a246 ص ؛
_c24 سم
490 _a
650 0 4 _aالاسلام - تراجم
650 0 4 _aالحنفية
650 0 4 _aابوحنيفة النعمان
942 _2ddc
_cBK
999 _c28256
_d28256